<?xml version='1.0' encoding='UTF-8'?>
  <record xmlns="http://www.loc.gov/MARC21/slim">
    <leader>00000cam a2200000 i 4500</leader>
    <controlfield tag="001">ocm54171426</controlfield>
    <controlfield tag="003">OCoLC</controlfield>
    <controlfield tag="005">20250216065159.7</controlfield>
    <controlfield tag="008">940719s1767    enk           000 0 fre d</controlfield>
    <datafield tag="040" ind1=" " ind2=" ">
      <subfield code="a">YUS</subfield>
      <subfield code="b">eng</subfield>
      <subfield code="c">YUS</subfield>
      <subfield code="d">OCLCG</subfield>
      <subfield code="d">OCLCA</subfield>
      <subfield code="d">OCLCF</subfield>
      <subfield code="d">OCLCO</subfield>
      <subfield code="d">OCLCQ</subfield>
      <subfield code="d">OCLCA</subfield>
      <subfield code="d">OCLCO</subfield>
      <subfield code="d">OCLCL</subfield>
      <subfield code="d">OCLCQ</subfield>
    </datafield>
    <datafield tag="029" ind1="1" ind2=" ">
      <subfield code="a">NLGGC</subfield>
      <subfield code="b">318795167</subfield>
    </datafield>
    <datafield tag="035" ind1=" " ind2=" ">
      <subfield code="a">(OCoLC)54171426</subfield>
    </datafield>
    <datafield tag="041" ind1="1" ind2=" ">
      <subfield code="a">fre</subfield>
      <subfield code="h">und</subfield>
    </datafield>
    <datafield tag="100" ind1="1" ind2=" ">
      <subfield code="a">Boulanger, Nicolas Antoine,</subfield>
      <subfield code="d">1722-1759.</subfield>
    </datafield>
    <datafield tag="245" ind1="1" ind2="0">
      <subfield code="a">Dissertation sur saint Pierre /</subfield>
      <subfield code="c">par feu Mr. Boulanger ...</subfield>
    </datafield>
    <datafield tag="260" ind1=" " ind2=" ">
      <subfield code="a">A Londres,</subfield>
      <subfield code="c">1767.</subfield>
    </datafield>
    <datafield tag="300" ind1=" " ind2=" ">
      <subfield code="a">1 preliminary leaf, [5]-140 pages, 1 leaf ;</subfield>
      <subfield code="c">15 cm</subfield>
    </datafield>
    <datafield tag="336" ind1=" " ind2=" ">
      <subfield code="a">text</subfield>
      <subfield code="b">txt</subfield>
      <subfield code="2">rdacontent</subfield>
    </datafield>
    <datafield tag="337" ind1=" " ind2=" ">
      <subfield code="a">unmediated</subfield>
      <subfield code="b">n</subfield>
      <subfield code="2">rdamedia</subfield>
    </datafield>
    <datafield tag="338" ind1=" " ind2=" ">
      <subfield code="a">volume</subfield>
      <subfield code="b">nc</subfield>
      <subfield code="2">rdacarrier</subfield>
    </datafield>
    <datafield tag="505" ind1="0" ind2=" ">
      <subfield code="a">Dissertation sur St. Pierre -- Reflexions de l'empereur Julien -- La moïsade [par Lourdet, wrongly attributed to J.B. Rousseau and Voltaire] -- Question de theologie [in verse] -- L'anti théologien [in verse] -- La Bathsebath [in verse] -- Epitre à Athenaïs [in verse].</subfield>
    </datafield>
    <datafield tag="600" ind1="0" ind2="0">
      <subfield code="a">Peter,</subfield>
      <subfield code="c">the Apostle, Saint.</subfield>
    </datafield>
    <datafield tag="600" ind1="0" ind2="7">
      <subfield code="a">Peter,</subfield>
      <subfield code="c">the Apostle, Saint.</subfield>
      <subfield code="2">fast</subfield>
      <subfield code="0">(OCoLC)fst00031923</subfield>
      <subfield code="1">https://id.oclc.org/worldcat/entity/E39PBJf49HtKJXRqJ8g8Rx4rMP</subfield>
    </datafield>
    <datafield tag="700" ind1="0" ind2=" ">
      <subfield code="a">Julian,</subfield>
      <subfield code="c">Emperor of Rome,</subfield>
      <subfield code="d">331-363.</subfield>
      <subfield code="1">https://id.oclc.org/worldcat/entity/E39PCjGVCwJd3j3xFxjkRbHRVd</subfield>
    </datafield>
    <datafield tag="700" ind1="1" ind2=" ">
      <subfield code="a">Voltaire,</subfield>
      <subfield code="d">1694-1778.</subfield>
      <subfield code="t">Spurious and doubtful works.</subfield>
    </datafield>
    <datafield tag="758" ind1=" " ind2=" ">
      <subfield code="i">has work:</subfield>
      <subfield code="a">Dissertation sur Saint Pierre (Text)</subfield>
      <subfield code="1">https://id.oclc.org/worldcat/entity/E39PCGQM49FHvjFrmJY8k6R4mb</subfield>
      <subfield code="4">https://id.oclc.org/worldcat/ontology/hasWork</subfield>
    </datafield>
    <datafield tag="936" ind1=" " ind2=" ">
      <subfield code="a">BATCHLOAD</subfield>
    </datafield>
  </record>